| 000 | 00495nam a2200181Ia 4500 | ||
|---|---|---|---|
| 001 | 20061 | ||
| 005 | 20260306172738.0 | ||
| 008 | 260306t2005||||xx |||||||||||||| ||spa|| | ||
| 041 | _aESP | ||
| 082 |
_a342.211 _bH81 |
||
| 100 |
_aHoyos Castañeda, Ilva Myriam _eAUT |
||
| 245 | 0 |
_aDe la dignidad y de los derechos humanos: _buna introducción al pensar analógico |
|
| 260 | _c2005 | ||
| 300 |
_axxx, 358 páginas : _c23 cm. |
||
| 650 | _aGEN | ||
| 654 | _aCDE | ||
| 942 |
_cLIB _dJUS _fJUS _2ddc _n |
||
| 999 |
_c20061 _d20061 |
||